Statistics for Top 10 Ajax FC Goalscorers

Click here to take the quiz!

General Stats

  • This quiz has been taken 340 times
  • The average score is 3 of 10

Answer Stats

PlacePlayers# Goals% Correct
=6Marco van Basten153
78%
2Johan Cruijff271
52%
9Jari Litmanen132
51%
3Sjaak Swart228
41%
5Piet Keizer189
27%
=6Ruud Geels153
16%
4Henk Groot208
10%
8Cees Groot133
10%
1Piet van Reenen273
8%
10Wim Volkers129
3%

Score Distribution

Percentile by Number Answered

Percent of People with Each Score

Your Score History

You have not taken this quiz